| 000 | 00577nam a2200217Ia 4500 | ||
|---|---|---|---|
| 003 | GCL | ||
| 008 | 140319s9999 xx 000 0 ara d | ||
| 040 |
_aGCL / _cGCL |
||
| 082 | 0 | 4 |
_a251.12 _bم د |
| 100 | 1 | _aمحمد بلتاجى | |
| 245 | 1 | 0 |
_aدراسات فى السنه / _cمحمد بلتاجى |
| 260 |
_a[S.N] : _bمكتبة الشباب ، _c1986 |
||
| 300 | _a250 ص | ||
| 490 | _a | ||
| 650 | 0 | 4 | _aالحديث |
| 650 | 0 | 4 | _aالاصول |
| 650 | 0 | 4 | _aالاحكام |
| 650 | 0 | 4 | _aالفقه الاسلامى |
| 650 | 0 | 4 | _aالعلوم |
| 942 |
_2ddc _cBK |
||
| 999 |
_c28258 _d28258 |
||